00262nam a2200121Ia 4500008004100000100002400041245001500065260001800080300000800098650001000106942000700116999001700123190216s9999||||xx |||||||||||||| ||und|| aKottayam Pushpanath 0aKing Cobra bCurrent Books a152 aNovel cBK c29439d29439